| 000 | 01262cam a2200265 a 4500 | ||
|---|---|---|---|
| 005 | 20260205145355.0 | ||
| 008 | 910522s1991 cau b s001 0 eng | ||
| 020 |
_a0520073193 _qalk. paper |
||
| 020 |
_a9780520082601 _q(alk. paper) |
||
| 040 |
_aKABLIB _cKABLIB _erda |
||
| 082 | 0 | 0 |
_a327.7 _223 _bCAR |
| 100 | 1 |
_aCarothers, Thomas, _d1956- _915196 |
|
| 245 | 1 | 0 |
_aIn the name of democracy : _bU.S. policy toward Latin America in the Reagan years / _cThomas Carothers. |
| 260 |
_aBerkeley : _bUniversity of California Press, _cc1991. |
||
| 300 |
_axii, 309 p. ; _c23 cm. |
||
| 504 | _aIncludes bibliographical references (p. 287-299), index. | ||
| 650 | 0 |
_aRepresentative government and representation _zLatin America _xHistory _y20th century. _915411 |
|
| 651 | 0 |
_aLatin America _xForeign relations _zUnited States. _915412 |
|
| 651 | 0 |
_aUnited States _xForeign relations _zLatin America. _915413 |
|
| 651 | 0 |
_aUnited States _xForeign relations _y1981-1989. _915351 |
|
| 651 | 0 |
_aLatin America _xPolitics and government _y1980- _915319 |
|
| 856 | 4 | 2 |
_3Publisher description _uhttp://www.loc.gov/catdir/enhancements/fy0641/91019947-d.html |
| 856 | 4 | 2 |
_3Contributor biographical information _uhttp://www.loc.gov/catdir/enhancements/fy0735/91019947-b.html |
| 942 |
_2ddc _cBOOK |
||
| 999 |
_c6073 _d6073 |
||